La Concepción integral de trabajo y necesidad en la organización y participación popular /

Gespeichert in:
Bibliographische Detailangaben
1. Verfasser: Smith Wiltshire, David A
Weitere Verfasser: Zúñiga Múñoz, Xinia
Format: Text
Veröffentlicht: San José :
Tags: Tag hinzufügen
Keine Tags, Fügen Sie den ersten Tag hinzu!

MARC

LEADER 00000 a a2200000 04500
001 14185
003
040
090 |a 020700  
100 |a Smith Wiltshire, David A  
245 |a La Concepción integral de trabajo y necesidad en la organización y participación popular /  |c David A Smith Wiltshire 
260 |a San José :  
300 |a 23 p  
700 |a Zúñiga Múñoz, Xinia  
999 |c 2324  |d 2324